Intensitats de trànsit a la xarxa : 1999 1999
Descripción Física:
454 p. : taules ; 30 cm
MARC
| LEADER | 00000nam a2200000Ia 4500 | ||
|---|---|---|---|
| 001 | 17939 | ||
| 008 | 160829s9999 xx 000 0 cat d | ||
| 080 | |a C-2-467 | ||
| 245 | |a Intensitats de trànsit a la xarxa : |b 1999 | ||
| 260 | |a Barcelona : |b Diputació de Barcelona. Servei de Vies Locals, [s.a.] | ||
| 300 | |a 454 p. : |b taules ; |c 30 cm | ||
| 650 | 0 | |a Carreteres |x Barcelona (Província) |9 35728 | |
| 650 | |a Circulació |x Barcelona (Província) |x Estadístiques |9 22087 | ||
| 710 | |a Barcelona (Catalunya : Província). |b Servei de Vies Locals |9 53817 | ||
| 901 | |a Arxiu | ||
| 942 | |n 1 | ||
| 952 | |0 0 |1 0 |4 0 |6 C2467 |7 1 |9 42048 |a Arxiu |b Arxiu |d 2016-12-01 |l 0 |o C-2-467 |p 17939 |r 2016-12-01 00:00:00 |w 2016-12-01 |y ARXIU | ||
| 999 | |c 44495 |d 44495 | ||